000 00916nam a22002297a 4500
003 UA-OsUOA
001 54049
007 ta
008 20160519b un ||||| |||| 00| 0 ukr d
090 _a392
_bН73
942 _cBK
040 _aUA-OsUOA
_bukr
_cUA-OsUOA
_dUA-OsUOA
245 _aНовий український сонник
_bЗ лотерійними числами для любителів різнородних ігор. Уложений після: Єврейських, Єгипетських, Індійських, Перських і Вавилонських та інших джерел. З додатком "Премудрий Соломон"
300 _a128 с.
955 _a3
041 _aukr
080 _a392
260 _aВінніпег
650 7 _2UDC
999 _c434166
_d434166